[Event "Thailand op 11th"]
[Site "Pattaya"]
[Date "2011.04.12"]
[Round "2"]
[White "Illingworth, Max"]
[Black "Thebault, Bernard"]
[Result "1-0"]
[WhiteElo "2345"]
[BlackElo "2108"]
[PlyCount "83"]
[EventDate "2011.04.11"]
[EventType "swiss"]
[EventRounds "9"]
[EventCountry "THA"]
[SourceTitle "CBM 141 Extra"]
[Source "ChessBase"]
[SourceDate "2011.05.03"]
[SourceVersion "1"]
[SourceVersionDate "2011.05.03"]
[SourceQuality "1"]

1. d4 d5 2. c4 c6 3. Nf3 Nf6 4. Nc3 e6 5. e3 a6 6. b3 Bb4 7. Bd2 0-0 8. Bd3 Nbd7 9. 0-0 Re8 10. Nxd5 Nxd5 11. cxd5 Bd6 12. dxc6 bxc6 13. Qc2 Bb7 14. Bxh7+ Kh8 15. Be4 f5 16. Bd3 c5 17. Qd1 Qf6 18. Re1 Qg6 19. Bf1 e5 20. dxe5 Nxe5 21. Nxe5 Bxe5 22. Rc1 Rad8 23. f4 Bb8 24. Rxc5 Ba7 25. Rc3 Re6 26. Qe2 Red6 27. Bc1 Be4 28. Qf2 Qh6 29. Be2 Bb6 30. a3 a5 31. Bf3 Bd3 32. g3 Qe6 33. Rd1 Be4 34. Rxd6 Rxd6 35. Qe2 g6 36. Bxe4 Qxe4 37. Rc4 Qb1 38. Qb2+ Qxb2 39. Bxb2+ Kg8 40. Bd4 Bd8 41. Kf2 Kf7 42. Kf3 1-0

[Event "Paris Apsap op 71st"]
[Site "Paris"]
[Date "2004.04.23"]
[Round "7"]
[White "Gros, Patrick"]
[Black "Thebault, Bernard"]
[Result "1/2-1/2"]
[WhiteElo "2039"]
[BlackElo "2191"]
[PlyCount "61"]
[EventDate "2004.04.19"]
[EventType "swiss"]
[EventRounds "7"]
[EventCountry "FRA"]
[SourceTitle "CBM 100 Extra"]
[Source "ChessBase"]
[SourceDate "2004.07.06"]
[SourceVersion "2"]
[SourceVersionDate "2004.07.06"]
[SourceQuality "1"]

1. d4 d5 2. Nf3 Nf6 3. Bf4 c5 4. e3 Nc6 5. c3 Bg4 6. Nbd2 e6 7. Qb3 Qb6 8. Ne5 Nxe5 9. Bxe5 Qxb3 10. Nxb3 c4 11. Nd2 Be7 12. b3 cxb3 13. Bb5+ Nd7 14. axb3 f6 15. Bg3 Bf5 16. f3 Kd8 17. 0-0 a6 18. e4 Bg6 19. Rfc1 Rc8 20. Be2 Nb8 21. b4 Be8 22. Nb3 Bc6 23. exd5 exd5 24. Bd3 g6 25. Nc5 Bxc5 26. bxc5 Re8 27. Re1 Kd7 28. c4 Rcd8 29. h4 Kc8 30. h5 f5 31. Bh4 1/2-1/2

[Event "Torcy op-A"]
[Site "Torcy"]
[Date "1991.??.??"]
[Round "?"]
[White "Thebault, Bernard"]
[Black "Alfonsi, Jean Francois"]
[Result "1-0"]
[WhiteElo "2215"]
[BlackElo "2020"]
[PlyCount "63"]
[EventDate "1991.04.??"]
[EventType "swiss"]
[EventRounds "9"]
[EventCountry "FRA"]
[SourceTitle "TD"]
[Source "ChessBase"]
[SourceDate "1994.03.01"]
[SourceVersion "1"]
[SourceVersionDate "1994.03.01"]
[SourceQuality "1"]

1. e4 c5 2. Nf3 a6 3. d4 cxd4 4. Nxd4 e5 5. Nf3 Nc6 6. c4 Nf6 7. Nc3 Be7 8. Be2 h6 9. h3 d6 10. 0-0 0-0 11. Re1 Be6 12. Bf1 Re8 13. Be3 Rc8 14. Rc1 Bf8 15. a3 Na5 16. Nd5 Nd7 17. b4 Nc6 18. Qb3 f5 19. exf5 Bxf5 20. Bb6 Nxb6 21. Nxb6 Qxb6 22. c5+ Be6 23. Bc4 dxc5 24. Bxe6+ Kh8 25. Bxc8 Rxc8 26. Qe6 Rc7 27. Nxe5 Be7 28. Ng6+ Kh7 29. Nxe7 Rxe7 30. Qf5+ Kg8 31. Rxe7 Nxe7 32. Qxc5 1-0

[Event "FRA-chT"]
[Site "France"]
[Date "1990.??.??"]
[Round "?"]
[White "Thebault, Bernard"]
[Black "Lecuyer, Christian"]
[Result "0-1"]
[WhiteElo "2220"]
[BlackElo "2290"]
[PlyCount "96"]
[EventDate "1990.??.??"]
[EventType "team"]
[EventRounds "11"]
[EventCountry "FRA"]
[SourceTitle "EXT 2000"]
[Source "ChessBase"]
[SourceDate "1999.11.16"]
[SourceVersion "1"]
[SourceVersionDate "1999.11.16"]
[SourceQuality "1"]

1. e4 c5 2. Nf3 Nc6 3. d4 cxd4 4. Nxd4 Nf6 5. Nc3 d6 6. Be3 e5 7. Nf3 h6 8. Be2 Be6 9. 0-0 Be7 10. Re1 0-0 11. Bf1 d5 12. exd5 Nxd5 13. Nxd5 Qxd5 14. c4 Qxd1 15. Rexd1 f5 16. g3 f4 17. gxf4 exf4 18. Bd4 Bg4 19. Bg2 Nxd4 20. Rxd4 Rad8 21. Rxd8 Rxd8 22. Ne5 Be6 23. Re1 Bb4 24. Rf1 Rd2 25. Bxb7 Bd6 26. Re1 Bc5 27. Nd3 Rxd3 28. Rxe6 Rd2 29. Re5 Bxf2+ 30. Kf1 Be3 31. b4 Kf7 32. Ra5 g5 33. h3 Kf6 34. a4 f3 35. Ra6+ Ke5 36. Bxf3 Rf2+ 37. Ke1 Rxf3 38. Ke2 Rxh3 39. c5 Kd4 40. Rd6+ Kc4 41. c6 Bb6 42. a5 Bc7 43. Rd7 Kxb4 44. Rxc7 Rc3 45. Rxa7 Rxc6 46. Kf3 Kb5 47. Kg4 Ra6 48. Re7 Kxa5 0-1

[Event "FRA-chT"]
[Site "France"]
[Date "1989.??.??"]
[Round "?"]
[White "Miralles, Gilles"]
[Black "Thebault, Bernard"]
[Result "1-0"]
[WhiteElo "2400"]
[BlackElo "2265"]
[PlyCount "97"]
[EventDate "1989.??.??"]
[EventType "team"]
[EventRounds "11"]
[EventCountry "FRA"]
[SourceTitle "TD"]
[Source "ChessBase"]
[SourceDate "1994.03.01"]
[SourceVersion "1"]
[SourceVersionDate "1994.03.01"]
[SourceQuality "1"]

1. d4 Nf6 2. c4 g6 3. Nf3 Bg7 4. g3 c6 5. Bg2 d5 6. cxd5 cxd5 7. Ne5 0-0 8. Nc3 e6 9. 0-0 Nfd7 10. Nf3 Nc6 11. Bf4 Nf6 12. Ne5 Nxe5 13. Bxe5 Bd7 14. Qb3 Bc6 15. a4 Qd7 16. Rac1 Ne4 17. Bxe4 dxe4 18. Bxg7 Kxg7 19. e3 Rfc8 20. Qa3 Bd5 21. a5 Rc7 22. Na4 Rac8 23. Rc5 Rxc5 24. dxc5 Qb5 25. b4 f6 26. Nc3 Qd3 27. Qb2 Qc4 28. Rd1 Rd8 29. Rd4 Qa6 30. Nxe4 e5 31. Rd2 Qe6 32. Qc1 Rf8 33. f3 Bxe4 34. fxe4 Qg4 35. a6 Qxe4 36. Rd7+ Rf7 37. Rxf7+ Kxf7 38. b5 Qd5 39. c6 bxc6 40. bxc6 Qd8 41. c7 Qc8 42. Qc6 Ke7 43. e4 h5 44. Kf2 g5 45. Ke3 h4 46. g4 h3 47. Kf3 Qd7 48. Qc5+ Kf7 49. Qc4+ 1-0

[Event "FRA-chT"]
[Site "France"]
[Date "1989.??.??"]
[Round "?"]
[White "Pecot, Laurent"]
[Black "Thebault, Bernard"]
[Result "1/2-1/2"]
[WhiteElo "2240"]
[BlackElo "2265"]
[PlyCount "82"]
[EventDate "1989.??.??"]
[EventType "team"]
[EventRounds "11"]
[EventCountry "FRA"]
[SourceTitle "TD"]
[Source "ChessBase"]
[SourceDate "1994.03.01"]
[SourceVersion "1"]
[SourceVersionDate "1994.03.01"]
[SourceQuality "1"]

1. d4 d5 2. Nf3 c6 3. c4 Nf6 4. e3 Bf5 5. Nc3 e6 6. Nh4 Bg4 7. Qb3 b6 8. cxd5 Nxd5 9. Nf3 Nd7 10. Nxd5 exd5 11. Bd2 Bd6 12. Rc1 Rc8 13. Qa4 b5 14. Qa6 Nb8 15. Qxa7 0-0 16. Ne5 Rc7 17. Qb6 Nd7 18. Nxd7 Qxd7 19. Bd3 Rfc8 20. 0-0 Rb7 21. Qa5 Ra7 22. Qc3 Rxa2 23. f3 Be6 24. Ra1 Rxa1 25. Rxa1 b4 26. Qc2 g6 27. Qa4 Qc7 28. f4 c5 29. dxc5 Bxc5 30. Qa5 Qb8 31. Rc1 Bf8 32. Rxc8 Qxc8 33. Kf2 Qb8 34. Qb5 Qd6 35. Be2 h5 36. Qa6 Qc7 37. Bd3 Bc5 38. g3 Kh7 39. Qb5 Qa7 40. Qa6 Qe7 41. Qb5 h4 1/2-1/2

[Event "FRA-chT"]
[Site "France"]
[Date "1989.??.??"]
[Round "?"]
[White "Varlet, Nicolas"]
[Black "Thebault, Bernard"]
[Result "1/2-1/2"]
[WhiteElo "2140"]
[BlackElo "2265"]
[PlyCount "71"]
[EventDate "1989.??.??"]
[EventType "team"]
[EventRounds "11"]
[EventCountry "FRA"]
[SourceTitle "TD"]
[Source "ChessBase"]
[SourceDate "1994.03.01"]
[SourceVersion "1"]
[SourceVersionDate "1994.03.01"]
[SourceQuality "1"]

1. d4 d5 2. c4 c6 3. Nc3 Nf6 4. Nf3 g6 5. Bg5 Ne4 6. Bf4 Bg7 7. cxd5 Nxc3 8. bxc3 Qxd5 9. e3 0-0 10. Be2 Qa5 11. Qb3 Nd7 12. 0-0 e5 13. Bg3 exd4 14. cxd4 Nb6 15. Rfc1 Qd5 16. Qb4 Be6 17. a4 Qd7 18. Rab1 Bf5 19. Ra1 Nd5 20. Qc5 Rfe8 21. Ne5 Qd8 22. a5 Bf8 23. Qc4 Be6 24. Qa4 f6 25. Nd3 Bf7 26. Rab1 Qe7 27. Bf3 Bh6 28. Nc5 b6 29. Ne4 Nxe3 30. Qxc6 Nd5 31. Re1 Rac8 32. Nxf6+ Qxf6 33. Rxe8+ Rxe8 34. Bxd5 Qxc6 35. Bxc6 Rd8 36. Rd1 1/2-1/2

[Event "FRA-chT 8788"]
[Site "France"]
[Date "1988.04.30"]
[Round "10"]
[White "Lesecq, Pascal"]
[Black "Thebault, Bernard"]
[Result "1/2-1/2"]
[WhiteElo "2295"]
[BlackElo "2255"]
[PlyCount "118"]
[EventDate "1987.10.24"]
[EventType "team-match"]
[EventRounds "11"]
[EventCountry "FRA"]
[SourceTitle "EXT 2005"]
[Source "ChessBase"]
[SourceDate "2004.11.15"]
[SourceVersion "1"]
[SourceVersionDate "2004.11.15"]
[SourceQuality "1"]
[WhiteTeam "Zoo Porte Doree"]
[BlackTeam "Bordeaux"]
[WhiteTeamCountry "FRA"]
[BlackTeamCountry "FRA"]

1. d4 Nf6 2. Nf3 g6 3. Bf4 Bg7 4. e3 c5 5. c3 b6 6. Nbd2 0-0 7. h3 d5 8. Be2 Bb7 9. 0-0 Nc6 10. Qc2 Rc8 11. Rad1 cxd4 12. exd4 Nh5 13. Bh2 Bh6 14. Rfe1 Bf4 15. Nf1 Bh6 16. Ne5 Nf4 17. Ng4 Nxe2+ 18. Qxe2 Bg7 19. Bf4 h5 20. Ne5 e6 21. Qe3 Nxe5 22. Bxe5 Rc6 23. Bxg7 Kxg7 24. Ng3 Qf6 25. Qd2 h4 26. Nf1 Rh8 27. Re5 b5 28. Nh2 a5 29. a3 Rb6 30. Ng4 Qd8 31. Rde1 b4 32. axb4 axb4 33. Qf4 bxc3 34. bxc3 Bc8 35. R5e3 Rh5 36. Rf3 Rb7 37. Ne5 Rf5 38. Qe3 Rxf3 39. Qxf3 Qf6 40. Qe3 Rb2 41. Ng4 Qd8 42. Qh6+ Kg8 43. Re5 Ba6 44. Rh5 gxh5 45. Nf6+ Qxf6 46. Qxf6 Bd3 47. Qxh4 Bg6 48. g4 hxg4 49. Qxg4 Rc2 50. h4 Kf8 51. h5 Be4 52. Qf4 Rxc3 53. h6 Rd3 54. Qf6 Rd1+ 55. Kh2 Rh1+ 56. Kg3 Ke8 57. Kf4 Rh5 58. Ke3 Bg6 59. Qg7 Ke7 1/2-1/2

[Event "FRA-ch"]
[Site "Rouen"]
[Date "1987.??.??"]
[Round "4"]
[White "Lautier, Joel"]
[Black "Thebault, Bernard"]
[Result "1-0"]
[WhiteElo "2290"]
[BlackElo "2200"]
[PlyCount "41"]
[EventDate "1987.??.??"]
[EventType "swiss"]
[EventRounds "13"]
[EventCountry "FRA"]
[SourceTitle "EXT 1997"]
[Source "ChessBase"]
[SourceDate "1996.11.15"]
[SourceVersion "1"]
[SourceVersionDate "1996.11.15"]
[SourceQuality "1"]

1. d4 Nf6 2. c4 e6 3. Nc3 c5 4. d5 exd5 5. cxd5 d6 6. e4 g6 7. f4 Bg7 8. Bb5+ Nfd7 9. a4 0-0 10. Nf3 Na6 11. 0-0 Nb4 12. Re1 f6 13. Be3 a6 14. Bf1 b6 15. Bf2 Bb7 16. h4 Re8 17. Bg3 Kh8 18. h5 Qe7 19. Nh4 Qf7 20. hxg6 hxg6 21. f5 1-0

[Event "FRA-ch"]
[Site "Rouen"]
[Date "1987.??.??"]
[Round "12"]
[White "Mohebbi, Jaffar"]
[Black "Thebault, Bernard"]
[Result "0-1"]
[WhiteElo "2200"]
[BlackElo "2200"]
[PlyCount "110"]
[EventDate "1987.??.??"]
[EventType "swiss"]
[EventRounds "13"]
[EventCountry "FRA"]
[SourceTitle "EXT 1997"]
[Source "ChessBase"]
[SourceDate "1996.11.15"]
[SourceVersion "1"]
[SourceVersionDate "1996.11.15"]
[SourceQuality "1"]

1. e4 c5 2. Nc3 e6 3. g3 Nc6 4. Bg2 d6 5. d3 g6 6. Be3 Bg7 7. Qd2 Rb8 8. a4 Nd4 9. Nf3 Ne7 10. 0-0 0-0 11. Bh6 Nxf3+ 12. Bxf3 Nc6 13. Bg2 Nd4 14. Bf4 e5 15. Be3 Bh3 16. f4 Bxg2 17. Qxg2 exf4 18. Bxf4 a6 19. Nd5 Ne6 20. Be3 Rc8 21. c3 Rc6 22. g4 Nc7 23. g5 Nxd5 24. exd5 Rc7 25. Bf4 Re7 26. Rae1 Rfe8 27. Re4 Be5 28. Bc1 Qd7 29. Kh1 Bg7 30. Rfe1 Rxe4 31. Rxe4 Rxe4 32. Qxe4 Qh3 33. Kg1 Be5 34. Qe2 a5 35. Bd2 Kg7 36. Be1 Qf5 37. h4 Qf4 38. b3 Qc1 39. Qd2 Qb1 40. d4 cxd4 41. cxd4 Bg3 42. Kf1 Bxh4 43. Qxa5 Qd3+ 44. Kg1 Qe3+ 45. Kf1 Qf3+ 46. Kg1 Bxg5 47. Qb5 Be3+ 48. Kh2 Bf4+ 49. Kg1 h5 50. b4 h4 51. Bxh4 Qg4+ 52. Kf1 Qxh4 53. Qd3 Qh1+ 54. Ke2 Qg2+ 55. Kd1 Qb2 0-1

[Event "FRA-ch"]
[Site "Rouen"]
[Date "1987.??.??"]
[Round "9"]
[White "Thebault, Bernard"]
[Black "Lecuyer, Christian"]
[Result "0-1"]
[WhiteElo "2200"]
[BlackElo "2310"]
[PlyCount "72"]
[EventDate "1987.??.??"]
[EventType "swiss"]
[EventRounds "13"]
[EventCountry "FRA"]
[SourceTitle "EXT 1997"]
[Source "ChessBase"]
[SourceDate "1996.11.15"]
[SourceVersion "1"]
[SourceVersionDate "1996.11.15"]
[SourceQuality "1"]

1. d4 Nf6 2. Nf3 e6 3. c4 Bb4+ 4. Nbd2 b6 5. a3 Bxd2+ 6. Bxd2 Bb7 7. Bg5 d6 8. e3 Nbd7 9. Be2 h6 10. Bh4 g5 11. Bg3 h5 12. h3 h4 13. Bh2 Qe7 14. Qa4 Ne4 15. Rc1 c5 16. dxc5 Nexc5 17. Qd1 e5 18. b4 Ne4 19. Qa4 Kf8 20. Bd3 g4 21. hxg4 h3 22. Bg1 Nef6 23. g5 e4 24. gxf6 Nxf6 25. Bf1 exf3 26. gxh3 Ne4 27. Bh2 Re8 28. Qc2 Rg8 29. Bf4 Qf6 30. Kd1 Qh4 31. Ke1 Rg6 32. Bd3 Nxf2 33. Qxf2 Qxf4 34. Bxg6 Rxe3+ 35. Kf1 Re2 36. Qg1 Qxc1# 0-1

[Event "FRA-ch"]
[Site "Rouen"]
[Date "1987.??.??"]
[Round "7"]
[White "Thebault, Bernard"]
[Black "Villeneuve, Alain"]
[Result "1/2-1/2"]
[WhiteElo "2200"]
[BlackElo "2310"]
[PlyCount "59"]
[EventDate "1987.??.??"]
[EventType "swiss"]
[EventRounds "13"]
[EventCountry "FRA"]
[SourceTitle "EXT 1997"]
[Source "ChessBase"]
[SourceDate "1996.11.15"]
[SourceVersion "1"]
[SourceVersionDate "1996.11.15"]
[SourceQuality "1"]

1. d4 e6 2. c4 f5 3. Nf3 Nf6 4. g3 Be7 5. Bg2 d5 6. 0-0 c6 7. b3 0-0 8. Ba3 Bxa3 9. Nxa3 Qe7 10. Qc1 Nbd7 11. Qb2 b6 12. Rac1 Ba6 13. b4 Bb7 14. cxd5 Nxd5 15. b5 cxb5 16. Nxb5 a6 17. Nc7 Rac8 18. Ne5 Nxe5 19. Nxd5 Bxd5 20. Bxd5 Ng4 21. Bf3 Qd6 22. e3 b5 23. Bb7 Rb8 24. Bf3 Rfc8 25. Rxc8+ Rxc8 26. Rc1 Rxc1+ 27. Qxc1 Nf6 28. Qc8+ Kf7 29. Qb7+ Kf8 30. Qc8+ 1/2-1/2

[Event "FRA-ch"]
[Site "Rouen"]
[Date "1987.??.??"]
[Round "5"]
[White "Thebault, Bernard"]
[Black "Weill, Roland"]
[Result "1-0"]
[WhiteElo "2200"]
[BlackElo "2200"]
[PlyCount "49"]
[EventDate "1987.??.??"]
[EventType "swiss"]
[EventRounds "13"]
[EventCountry "FRA"]
[SourceTitle "EXT 1997"]
[Source "ChessBase"]
[SourceDate "1996.11.15"]
[SourceVersion "1"]
[SourceVersionDate "1996.11.15"]
[SourceQuality "1"]

1. d4 g6 2. c4 Bg7 3. Nc3 d6 4. e4 Nd7 5. Be2 Ngf6 6. Nf3 0-0 7. 0-0 e5 8. Be3 Ng4 9. Bg5 f6 10. Bh4 Nh6 11. Qd2 g5 12. Nxg5 exd4 13. Nd5 Nc5 14. Nf3 Nxe4 15. Qxd4 Ng5 16. Qd2 Nf5 17. Nxg5 Nxh4 18. Nf3 Nxf3+ 19. Bxf3 f5 20. Rfe1 Kh8 21. Re2 c6 22. Nf4 Be5 23. Nh5 Qh4 24. Rxe5 dxe5 25. Qd6 1-0